| 000 | 00838nam a2200241 i 4500 | ||
|---|---|---|---|
| 001 | 7136 | ||
| 003 | ES-MaACL | ||
| 005 | 20250902062855.0 | ||
| 007 | t| | ||
| 008 | 900822s1987 sp ||||1| spa d | ||
| 020 | _a84-505-5146-3 | ||
| 080 | _a658(46):330.191.6(4) | ||
| 080 | _a330.191.6(4):658(46) | ||
| 245 | 0 | 3 |
_aLa Empresa española ante el Mercado Comun _b: aspectos sectoriales. |
| 260 |
_aMadrid : _bINFE : _bCamara de Comercio e Industria, _cD.L. 1987. |
||
| 300 |
_a207 p. ; _c23 cm. |
||
| 610 | 2 | 7 |
_aComunidad Económica Europea. _93130 |
| 650 | 1 | 4 |
_aEmpresas- _zEspaña _912218 |
| 710 | 2 |
_aInstituto Nacional de Fomento de la Exportación (España) _95164 |
|
| 710 | 2 |
_aCámara Oficial de Comercio e Industria de Madrid. _92363 |
|
| 852 |
_aES-MaACL _jL-14275 _bR.115265 _z. - rust. |
||
| 999 |
_c7136 _d7136 |
||